00867cam a2200229 a 4500001001300000003000400013005001700017008004100034010002200075040001000097050003100107082002200138100003200160245022900192260004600421300002900467490003000496650004200526650001800568830003400586999001700620s 58000001 DLC20260227111912.0821124s1952 sw a d 00010 eng  as 58000001 //r89 dOCoLC0 aGN2b.G6 no. 19aPM3743.Z50 a306 sa498/.221910aHolmer, Nils Magnus,d1904-10aEthno-linguistic Cuna dictionary, with indices and references to A critical and comparative Cuna grammar (Etnologiska studier 14) and The grammatical sketch in Cuna chrestomathy (Etnologiska studier 18) /cby Nils M. Holmer.0 aGöteborg :bEtnografiska Museet,c1952. a193 p. :bill. ;c24 cm.1 aEtnologiska studier ;v19 0aCuna languagexDictionariesxEnglish. 0aCuna Indians. 0aEtnologiska studier ;vv. 19. c52792d52792